000
00342nam a2200145Ia 4500
008
150201s2002 xx 000 0 und d
082
_a
612.015
_b
T2002P
100
_a
PATTABIRAMAN,T.N
245
_a
TEXT BOOK OF BIOCHEMISTRY
250
_a
2ND
260
_b
AIPD
_a
DELHI
_c
2002
300
_a
1-480
650
_a
BIOCHEMISTRY
942
_2
ddc
_c
BK
999
_c
3542
_d
3542